000 00615nam a22002537a 4500
003 UA-OsUOA
001 22351
007 ta
008 20031219b un ||||| |||| 00| 0 ukr d
100 _aСтавцев С.Н.
090 _a141.32
_bС76
942 _cBK
040 _aUA-OsUOA
_brus
_cUA-OsUOA
_dUA-OsUOA
245 _aВведение в философию Хайдеггера
300 _a192 с.
955 _a0
041 _arus
080 _a141.32
020 _a5-8114-0227-9
260 _aСанкт-Петербург
_bЛань
_c2000
044 _aRU
650 7 _2UDC
999 _c308569
_d308569